Islam Faith and Practice (Record no. 348335)
[ view plain ]
| 000 -LEADER | |
|---|---|
| fixed length control field | 00466 a2200181 4500 |
| 003 - CONTROL NUMBER IDENTIFIER | |
| control field | OSt |
| 005 - DATE AND TIME OF LATEST TRANSACTION | |
| control field | 20180116182915.0 |
| 008 - FIXED-LENGTH DATA ELEMENTS--GENERAL INFORMATION | |
| fixed length control field | 160519b xxu||||| |||| 00| 0 eng d |
| 020 ## - INTERNATIONAL STANDARD BOOK NUMBER | |
| International Standard Book Number | 0 |
| 040 ## - CATALOGING SOURCE | |
| Transcribing agency | 0 |
| 082 ## - DEWEY DECIMAL CLASSIFICATION NUMBER | |
| Classification number | 297 AYO 2001 |
| 100 ## - MAIN ENTRY--PERSONAL NAME | |
| Personal name | Muhamoud M. Ayoub |
| 245 ## - TITLE STATEMENT | |
| Title | Islam Faith and Practice |
| Statement of responsibility, etc. | Muhamoud M. Ayoub |
| 260 ## - PUBLICATION, DISTRIBUTION, ETC. | |
| Place of publication, distribution, etc. | Lahore |
| Name of publisher, distributor, etc. | Suhail Academy Lahore Pakistan |
| Date of publication, distribution, etc. | 2001 |
| 300 ## - PHYSICAL DESCRIPTION | |
| Extent | 223 p. |
| Other physical details | HB |
| 500 ## - GENERAL NOTE | |
| General note | Hardcover |
| 942 ## - ADDED ENTRY ELEMENTS (KOHA) | |
| Institution code [OBSOLETE] | NBS |
| Koha item type | Book |
| Call number prefix | 297 AYO |
| Source of classification or shelving scheme | |
| Withdrawn status | Lost status | Damaged status | Not for loan | Permanent Location | Current Location | Date acquired | Total Checkouts | Total Renewals | Full call number | Barcode | Date last seen | Date last checked out | Price effective from | Koha item type |
|---|---|---|---|---|---|---|---|---|---|---|---|---|---|---|
| Central Library (CL) | Central Library (CL) | 08/28/2013 | 3 | 2 | 297 AYO | NBSD-1386 | 02/18/2024 | 06/04/2023 | 08/28/2013 | Book |
